1250 1728 1934 1289 1469 1492 1704 1102 1691 1688 1064 1031 1776 1003 1682 1108 1347 1732 1450 1564 1024 1076 1703 1881 1943 1770 1685 1439 1336 1490 1851 1951 1435 1479 1704 1804 1098 1456 1058 1195 1904 1008 1767 1049 1892 1120 1138 1940 1754 1459 1462 1185 1143 1362 1977 1203 1523 1469 1661 1392 1058 1294 1584 1772 1652 1795 1495 1674 1621 1842 1594 1478 1257 1406 1466 1470 1311 1723 1998 1232 1726 1764 1007 1860 1473 1226 1746 1184 1652 1922 1389 1644 1155 1596 1862 1803 1857 1809 1004 BCNSPRNW ULIB Ver.6.0+V

เปลี่ยนเป็นภาษาไทย

Change to English
 แสดงรายละเอียดบรรณานุกรม
  กลับหน้าหลัก

Brief Record : Get Marc (ISO 2709) : E-mail record : QR code < ปิดหน้าต่าง
LEADER : 00000nam 2200000uu 4500
001    13399112485
003     ULIB
008    110818s2551||||th 000 0 tha d
020    9789741110216
050  4 HQ56^bว157ว 2551
100 0  วราภรณ์ แช่มสนิท
245 10 วิธีคิดเรื่องเพศวิถีของรัฐไทย /^cวราภรณ์ แช่มสนิท
260    กรุงเทพฯ :^bมูลนิธิสร้างความเข้าใจเรื่องสุขภาพผู้หญิง(สคส.), ^c2551
300    84 หน้า :^bภาพประกอบ ;^c21 ซม.
650  4 เพศศึกษา^zไทย
650  4 เพศ
650  4 เพศ^xนโยบายของรัฐ
650  4 เพศศึกษา
650  4 เพศภาวะและเพศวิถี
650  4 ค่านิยมทางสังคม
710 2  มหาวิทยาลัยมหิดล. สถาบันวิจัยประชากรและสังคม
710 2  มูลนิธิสร้างความเข้าใจเรื่องสุขภาพผู้หญิง (สคส.)
945    ^p150^l0^i024336
945    ^p150^l0^i024337
995    ทศพร
999 ^a ทศพร
รายการนี้ยังไม่มีแท็ก
คุณยังไม่ได้ล็อกอิน คุณสามารถมีกิจกรรมร่วมกับเว็บไซต์ได้ แต่ต้องล็อกอินก่อน ::
  ล็อกอิน

รายการสื่อสารสนเทศ

ลำดับที่ ประเภท เลขเรียก/บาร์โค้ด สถานที่ สถานะ
- ไม่พบข้อมูล -

รายการใกล้เคียง
    หัวเรื่อง [เพศ]
    หัวเรื่อง [เพศศึกษา]
    หัวเรื่อง [เพศภาวะและเพศวิถี]
    หัวเรื่อง [ค่านิยมทางสังคม]

BibComment


ยังไม่เคยถูกคอมเมนท์

คอมเมนท์ทรัพยากรรายการนี้
  คอมเมนท์: วิธีคิดเรื่องเพศว..


 Copyright 2026. Bcnsprnw @Library